Trade, intellectual property, food and biodiversity: (Registro nro. 3970)
[ vista simple ]
| 000 -CABECERA | |
|---|---|
| Campo de control | 00857nam a2200241 a 4500 |
| 005 - FECHA Y HORA DE LA ULTIMA TRANSACCION | |
| Campo de control | 20150311153237.0 |
| 008 - ELEMENTOS DE LONGITUD FIJA—INFORMACION GENERAL | |
| Campo de control | 140312b1999 enk||||| |||| 00| 0 eng d |
| 040 ## - FUENTE DE CATALOGACIÓN | |
| Agencia catalogadora original | CO-BoIAVH |
| Agencia transcriptora | CO-BoIAVH |
| 041 ## - IDIOMA | |
| Código de idioma para texto/pista de sonido o título separado | Inglés |
| 044 ## - PAÍS DE PUBLICACIÓN | |
| País de publicación | Inglaterra |
| 082 04 - NUMERO DE CLASIFICACION DECIMAL DEWEY | |
| Número de clasificación | 346.0482 |
| Número del ítem | T16t |
| 100 1# - ASIENTO PRINCIPAL--NOMBRE PERSONAL | |
| Nombre personal | Tansey, Geoff |
| 245 10 - MENCION DE TITULO | |
| Título | Trade, intellectual property, food and biodiversity: |
| Parte restante del título | key issues and options for the 1999 review of Article 27.3 (b) of the TRIPS agreement, a discussion paper |
| 260 ## - PUBLICACION, DISTRIBUCION, ETC. (PIE DE IMPRENTA) | |
| Lugar de publicación, distribución, etc. | London: |
| Nombre del editor, distribuidor, etc. | Quaker Peace and Service, |
| Fecha de publicación, distribución, etc. | 1999. |
| 300 ## - DESCRIPCION FISICA | |
| Extensión | 24 p. |
| Dimensiones | 30 cm. |
| 650 #4 - ASIENTO SECUNDARIO DE MATERIA - TERMINO TEMATICO | |
| Término temático o nombre geográfico como elemento de entrada | Comercio |
| 650 #4 - ASIENTO SECUNDARIO DE MATERIA - TERMINO TEMATICO | |
| Término temático o nombre geográfico como elemento de entrada | Propiedad intelectual de alimentos y cultivos |
| 650 #4 - ASIENTO SECUNDARIO DE MATERIA - TERMINO TEMATICO | |
| Término temático o nombre geográfico como elemento de entrada | Protección de derechos de propiedad intelectual |
| 650 ## - ASIENTO SECUNDARIO DE MATERIA - TERMINO TEMATICO | |
| Término temático o nombre geográfico como elemento de entrada | TRIPS |
| 650 ## - ASIENTO SECUNDARIO DE MATERIA - TERMINO TEMATICO | |
| Término temático o nombre geográfico como elemento de entrada | Patentes sobre formas de vida |
| 942 ## - ELEMENTOS ADICIONALES (KOHA) | |
| Tipo de ítem | Folleto |
| Sistema de clasificación | Dewey Decimal Classification |
| Koha issues (borrowed), all copies | 2 |
| 945 ## - PROCESAMIENTO LOCAL | |
| AAAA-MM-DD - Fecha de ingreso o modificacion | 2004-07-01 |
| Withdrawn status | Lost status | Sistema de Clasificación | Damaged status | No para préstamo | Colección | Inventariado | Ubicación Permanente | Ubicación actual | Fecha de adquisición | Total Checkouts | Número topográfico | Inventario / Código de Barras | Date last seen | Ejemplar | Price effective from | Forma de adquisición | Tipo de material | Date checked out |
|---|---|---|---|---|---|---|---|---|---|---|---|---|---|---|---|---|---|---|
| Dewey Decimal Classification | General | Inventariado 2017 | Bogotá | Bogotá | 01/07/2004 | LB-346.0482 T16t | 016315 | 10/03/2015 | Ej.1 | 04/12/2012 | Folleto | |||||||
| Dewey Decimal Classification | General | Inventariado 2017 | Bogotá | Bogotá | 02/07/2004 | 1 | LB-346.0482 T16t | 016327 | 10/03/2015 | Ej.2 | 04/12/2012 | Folleto | 10/03/2015 | |||||
| Dewey Decimal Classification | General | Inventariado 2017 | Sala Fabio Quevedo | Sala Fabio Quevedo | 09/08/2004 | 1 | LB-346.0482 T16t | 016356 | 10/03/2015 | Ej.3 | 04/12/2012 | Folleto | 10/03/2015 | |||||
| Local | General | Villa de Leyva | Villa de Leyva | 09/08/2004 | LB-03676 | 016543 | 04/12/2012 | Ej. 4 | 04/12/2012 | Folleto |